The pictorial encyclopedia. (Record no. 112234)
[ view plain ]
| 000 -LEADER | |
|---|---|
| fixed length control field | 00533nam a2200169 a 4500 |
| 001 - CONTROL NUMBER | |
| control field | 3903 |
| 005 - DATE AND TIME OF LATEST TRANSACTION | |
| control field | 20140414131931.0 |
| 008 - FIXED-LENGTH DATA ELEMENTS--GENERAL INFORMATION | |
| fixed length control field | 040601s19uu xx 00 eng d |
| 050 ## - LIBRARY OF CONGRESS CALL NUMBER | |
| Classification number | REF 030.9 |
| Item number | P58 199? |
| 245 ## - TITLE STATEMENT | |
| Title | The pictorial encyclopedia. |
| 260 ## - PUBLICATION, DISTRIBUTION, ETC. (IMPRINT) | |
| Place of publication, distribution, etc | England : |
| Name of publisher, distributor, etc | Peter Haddock, |
| Date of publication, distribution, etc | [n.d.] |
| 300 ## - PHYSICAL DESCRIPTION | |
| Extent | 91 p. : ill. cm. |
| 500 ## - GENERAL NOTE | |
| General note | Contents: Around the world--World leaders--Myths and legends--Dangerous Journeys--Wars and Warriors--Names to Remember]. |
| 650 ## - SUBJECT ADDED ENTRY--TOPICAL TERM | |
| Topical term or geographic name as entry element | Encyclopedias. |
| 650 ## - SUBJECT ADDED ENTRY--TOPICAL TERM | |
| Topical term or geographic name as entry element | Facts. |
| Withdrawn status | Lost status | Damaged status | Use restrictions | Home library | Current library | Shelving location | Date acquired | Source of acquisition | Total Checkouts | Full call number | Barcode | Date last seen | Price effective from | Koha item type |
|---|---|---|---|---|---|---|---|---|---|---|---|---|---|---|
| Munich Library | Munich Library | Reference Section | 06/01/2004 | REF 030.9 P58 199? | M3448 | 04/14/2014 | 04/14/2014 | Books |